000 00298nam a2200145Ia 4500
100 _aKessler G.C.
942 _cRB
654 _aISDN
245 _aISDN Second Edition
260 _bMc Graw Hill
_aNew York
_c1993
082 _a621.382
_bKES
300 _a454
546 _aENGLISH
999 _c23700
_d23700